| 000 -LEADER |
| fixed length control field |
00353cam a22001217a 4500 |
| 008 - FIXED-LENGTH DATA ELEMENTS--GENERAL INFORMATION |
| fixed length control field |
180718b1996 xxu||||| |||| 00| 0 eng d |
| 082 ## - DEWEY DECIMAL CLASSIFICATION NUMBER |
| Classification number |
A99 P272/L989 |
| 100 ## - MAIN ENTRY--PERSONAL NAME |
| Personal name |
Lyon, Michael H. |
| 245 ## - TITLE STATEMENT |
| Title |
Sardar Patel and Indian independence |
| Statement of responsibility, etc. |
by Michael H. Lyon |
| 260 ## - PUBLICATION, DISTRIBUTION, ETC. |
| Place of publication, distribution, etc. |
Delhi |
| Name of publisher, distributor, etc. |
Konark |
| Date of publication, distribution, etc. |
1996 |
| 300 ## - PHYSICAL DESCRIPTION |
| Extent |
227p. |
| 650 ## - SUBJECT ADDED ENTRY--TOPICAL TERM |
| Topical term or geographic name entry element |
Patel, Vallabhbhai J. - Biography |